000 00395nam a2200169Ia 4500
001 4631
003 IN-NITTTR
005 20251114233001.0
008 251113s9999||||xx |||||||||||||| ||eng||
040 _beng
040 _cIN-NITTTR
041 _aeng
082 _a629.2 B444W
100 _aBent, R. W.
245 0 _aWorked examples in automobile engineering. /
_cBent, R. W.
942 _2ddc
_cBK
999 _c7267
_d7267